| 000 | 00684cam a2200241 4500 | ||
|---|---|---|---|
| 001 | J200 | ||
| 008 | 090401t1974 xxu||||| |||| 00| 0 eng d | ||
| 035 | _a(Sirsi) u73753 | ||
| 041 | _aeng | ||
| 050 | _a333.0023 | ||
| 110 |
_aCommonwealth Association of Surveying and Land Economy _92570 |
||
| 245 | _aSurveying and land economy in the Commonwealth: a manual on the professions. | ||
| 260 |
_aLondon _bCASLE _c1974 |
||
| 300 | _a(93)p. ; 30cm. | ||
| 350 | _a0 | ||
| 650 | _aDEVELOPING COUNTRIES | ||
| 650 | _aCAREERS, EDUCATION AND TRAINING | ||
| 650 | _aLAND SURVEYING | ||
| 650 |
_aQuantity surveying _96263 |
||
| 650 | _aSURVEYING | ||
| 942 | _n0 | ||
| 948 | _c04/03/1997 | ||
| 999 |
_c95694 _d95694 |
||